| 000 | 00525nam a2200169 a 4500 | ||
|---|---|---|---|
| 001 | 000040642 | ||
| 005 | 20201002034255.0 | ||
| 008 | 130904s2003 sp a 000 0 spa d | ||
| 020 | _a848432494X | ||
| 040 |
_aDO-SdBNP _bspa _cBNPHU |
||
| 082 |
_axxxx _bxxxx |
||
| 245 | 0 | 0 |
_aHistoria de América Latina. / _cedición, Leslie Bethell; traducción, Antonio Acosta. |
| 260 |
_aBarcelona, : _bCrítica, _c2003. |
||
| 300 |
_av. : _bil ; _c23 cm. |
||
| 700 | 1 |
_aBethell, Leslie _eed. _966998 |
|
| 700 | 1 |
_aAcosta, Antonio _etrad. _966999 |
|
| 999 |
_c40132 _d40132 |
||